000 01129cas a22003257ar4500
005 20220329142041.0
008 990429u1980 po a p rnn uub0eng d
010 _a77644
011 _a78616
022 0 _a0208-5771
035 _a88629
245 0 0 _aAnnals of Warsaw Agricultural University SGGW-AR :
_bLand Reclamation,
_c/by Warsaw Agricultural University Press
260 0 _aWarsaw, Poland :
_bWarsaw Agricultural University Press,
_c1980-
300 _av.
310 _aAnual
362 _an.24, 1988
500 _aContiene resúmenes en polaco
500 _aSe cancela a partir del n.24, 1988
590 _aBATCH-UPD
_b10
_c20130110
_lUCH01
_h0642
590 _aBATCH-UPD
_b10
_c20130410
_lUCH01
_h0327
590 _aBATCH-UPD
_b10
_c20130914
_lUCH01
_h1658
590 _aCONVERSION
_b10
_c20130109
_lUCH01
_h1343
650 1 4 _aIrrigación
_xPublicaciones periódicas.
_960475
650 1 4 _aTierras
_xRecuperación de
_xPublicaciones periódicas.
_9113126
780 _tZeszyty Naukowe SGGW
866 _an.19-22 (1982-1986)
866 _an.24 (1988)
901 _aSE
905 _aMa. del Socorro Iturbe C.
999 _c77644
_d77644